000 01001nam a2200217 a 4500
001 000002266
005 20260305073949.0
008 090701s2004 dr abd r 000 0 spa d
040 _aDO-SdBNP
_bspa
_cBNPHU
082 _a333.7097293
_bR426e
110 1 _aRepública Dominicana.
_b Secretaría de Estado de Medio Ambiente y Recursos Naturales
_914503
245 1 0 _aEstadísticas ambientales de América Latina y el Caribe :
_bcaso : República Dominica /
_cpresentación Frank Moya Pons.
260 _aSanto Domingo :
_bSecretaría de Estado de Medio Ambiente y Recursos Naturales,
_c2004.
300 _a285 p. :
_bil., diagrs., mapas ;
_c27 cm.
590 _aInventariado, 2018/MFF
650 4 _aEstadísticas ambientales
_zRepública Dominicana
_97220
650 4 _aRecursos naturales
_zRepública Dominicana
_91560
700 1 2 _aMoya Pons, Frank,
_d1944-
_92095
710 1 2 _aRepública Dominicana.
_bSecretaria de Estado de Medio Ambiente y Recursos Naturales
_97221
910 _aJornada de catalogación
999 _c2112
_d2112